|
|
|
|
| LEADER |
00000nam a2200000 i 4500 |
| 001 |
1/72781 |
| 008 |
050307s1998 eng d |
| 020 |
|
|
|a 0-471-17574-9 (hbk.)
|
| 035 |
|
|
|l 10076916
|
| 040 |
|
|
|a GR-MY-UA
|b gre
|e aacr
|
| 041 |
0 |
|
|a eng
|
| 082 |
0 |
|
|a 540
|2 (21)
|
| 100 |
1 |
|
|a Holum, John R.
|
| 245 |
1 |
0 |
|a Fundamentals of general, organic, and biological chemistry /
|c John R. Holum
|
| 250 |
|
|
|a 6th ed.
|
| 260 |
|
|
|a New Jersey :
|b Wiley,
|c c1998
|
| 300 |
|
|
|a xvi, 898 σ. με ποικίλες σελιδαριθμήσεις;
|b εικ.;
|c 26 εκ.
|
| 504 |
|
|
|a Περιλαμβάνει ευρετήριο
|
| 650 |
0 |
0 |
|a Chemistry.
|
| 852 |
|
|
|a INST
|b CHIOS
|e 20050307
|h 540 HOL
|p 005200022538
|q 005200022538
|t BK
|y 0
|
| 901 |
|
|
|a BIBL2-2005-1
|
| 909 |
|
|
|a Χ
|b 112408
|
| 920 |
|
|
|a ΔΙΕΥΡΥΝΣΗ
|b ΕΠΕΑΕΚ-ΤΜΟΔ
|y ΧΙΟΣ
|z 2004-12
|
| 970 |
|
|
|a ΣΠΕΝΤΖΑ
|b ΕΛΕΝΗ
|z 2005/03/07
|